000 00261nam a22001097a 4500
082 _a671.52 GRA'A
100 _aGRAHAM, FRANK D
_942150
245 _aAUDELS WELDERS GUIDE QUESTIONS AND ANSWERS
260 _aNEWYORK
_bAUDEL
_c1963
300 _a489P
942 _cBK
999 _c567265
_d567265